[Event "18. Int. Boeblinger Open"]
[Site "Boeblingen"]
[Date "2001.12.29"]
[Round "7"]
[White "Messner, Harry"]
[Black "Haecker, Alexander"]
[Result "0-1"]
[WhiteElo "2197"]
[BlackElo "1975"]
[PlyCount "60"]
[EventDate "2001.??.??"]

1. d4 d5 2. c4 e6 3. Nc3 Nf6 4. cxd5 exd5 5. Bf4 c6 6. Qc2 Bd6 7. Bg3 O-O 8. e3
Re8 9. Bd3 Bg4 10. Nf3 Bh5 11. Ne5 Bg6 12. Bxg6 hxg6 13. f4 Nh5 14. Bf2 f6 15.
Nxg6 Nxf4 16. O-O-O Nxg6 17. Qxg6 Nd7 18. h4 Nf8 19. Qg4 Qd7 20. Qf3 b5 21. h5
b4 22. Na4 Ne6 23. h6 Ng5 24. Qh5 Qf7 25. Qe2 g6 26. Kb1 Ne4 27. Rc1 Rac8 28.
Nc5 Bxc5 29. dxc5 d4 30. Qc2 d3 0-1

[Event "18. Int. Boeblinger Open"]
[Site "Boeblingen"]
[Date "2001.12.30"]
[Round "8"]
[White "Schenk, Andreas"]
[Black "Farago, Ivan"]
[Result "1/2-1/2"]
[WhiteElo "2443"]
[BlackElo "2527"]
[PlyCount "25"]
[EventDate "2001.??.??"]

1. d4 e6 2. e4 d5 3. Nc3 Bb4 4. e5 Ne7 5. a3 Bxc3+ 6. bxc3 c5 7. Qg4 O-O 8. Bd3
f5 9. exf6 Rxf6 10. Bg5 Rf7 11. Qh5 g6 12. Qd1 Nbc6 13. Nf3 1/2-1/2

[Event "18. Int. Boeblinger Open"]
[Site "Boeblingen"]
[Date "2001.12.30"]
[Round "8"]
[White "Jaracz, Pawel"]
[Black "Gheng, Josef"]
[Result "1-0"]
[WhiteElo "2525"]
[BlackElo "2340"]
[PlyCount "87"]
[EventDate "2001.??.??"]

1. e4 c5 2. Nf3 d6 3. Bc4 g6 4. O-O Bg7 5. c3 Qc7 6. Qe2 Nc6 7. h3 a6 8. Bb3 e6
9. Rd1 Nge7 10. d4 cxd4 11. cxd4 Nxd4 12. Nxd4 Bxd4 13. Bh6 Nc6 14. Nc3 Qb6 15.
Rd2 Bd7 16. Rad1 O-O-O 17. Qc4 Bc5 18. Na4 Qb4 19. Nxc5 Qxc4 20. Bxc4 dxc5 21.
Bg5 Nd4 22. Bxd8 Rxd8 23. b4 Ba4 24. Bb3 Bxb3 25. axb3 e5 26. bxc5 Kc7 27. b4
Kc6 28. f4 f6 29. Kf2 Kb5 30. h4 h5 31. g3 Rd7 32. Rb1 Kc4 33. Ke3 Kc3 34. Rd3+
Kc4 35. Rd2 Kc3 36. Rc1+ Kxb4 37. c6 bxc6 38. Rb2+ Ka3 39. Rb6 Ka2 40. Rc5 Nb5
41. Rxa6+ Kb3 42. Raxc6 Nd4 43. Rb6+ Ka4 44. Rc1 1-0

[Event "18. Int. Boeblinger Open"]
[Site "Boeblingen"]
[Date "2001.12.30"]
[Round "8"]
[White "Joachim, Sven"]
[Black "Buhmann, Rainer"]
[Result "1/2-1/2"]
[WhiteElo "2442"]
[BlackElo "2505"]
[PlyCount "46"]
[EventDate "2001.??.??"]

1. e4 e6 2. d4 d5 3. Nc3 Nf6 4. e5 Nfd7 5. f4 c5 6. Nce2 Nc6 7. c3 cxd4 8. Nxd4
Bc5 9. Ngf3 Qe7 10. Bb5 Nxd4 11. cxd4 Bb6 12. O-O O-O 13. a4 a6 14. Bd3 f5 15.
Bd2 Nb8 16. Qb3 Qd8 17. Bb4 Re8 18. a5 Ba7 19. Qa3 Bd7 20. Rfc1 Nc6 21. Bc5 h6
22. Bxa7 Nxa7 23. Qd6 Bb5 1/2-1/2

[Event "18. Int. Boeblinger Open"]
[Site "Boeblingen"]
[Date "2001.12.30"]
[Round "8"]
[White "Horvath, Joszef"]
[Black "Haub, Thorsten-Michael"]
[Result "0-1"]
[WhiteElo "2551"]
[BlackElo "2376"]
[PlyCount "82"]
[EventDate "2001.??.??"]

1. d4 e6 2. g3 f5 3. Bg2 Nf6 4. c4 Be7 5. b3 O-O 6. Bb2 d5 7. Nh3 Bd7 8. O-O c6
9. Nd2 a5 10. a3 b5 11. Nf4 Bd6 12. Nd3 Qe7 13. f3 bxc4 14. bxc4 Na6 15. c5 Bc7
16. Qc2 h5 17. Ne5 Be8 18. f4 h4 19. Qd3 hxg3 20. hxg3 Bxe5 21. fxe5 Nh5 22.
Bc3 Qg5 23. Rf3 f4 24. e3 fxg3 25. Rxf8+ Kxf8 26. Nf3 Qh6 27. Bxa5 Bg6 28. Qe2
Kg8 29. Bd2 Be4 30. Rf1 Nc7 31. Nh4 Qg5 32. Bxe4 dxe4 33. Ng2 Nd5 34. Nf4 Nhxf4
35. exf4 Qh4 36. Bc1 Ra4 37. f5 Rxd4 38. fxe6 e3 39. Qg2 e2 40. Qxe2 g2 41. Re1
Rg4 0-1

[Event "18. Int. Boeblinger Open"]
[Site "Boeblingen"]
[Date "2001.12.30"]
[Round "8"]
[White "Kalinitschew, Sergej"]
[Black "Kabisch, Thilo"]
[Result "1/2-1/2"]
[WhiteElo "2487"]
[BlackElo "2290"]
[PlyCount "97"]
[EventDate "2001.??.??"]

1. c4 Nf6 2. Nc3 g6 3. g3 Bg7 4. Bg2 O-O 5. Nf3 d6 6. O-O Nc6 7. d3 Nh5 8. Rb1
f5 9. Nd5 e6 10. Bg5 Qd7 11. Nf4 Nxf4 12. Bxf4 e5 13. Bd2 h6 14. Bc3 g5 15. e3
g4 16. Nd2 h5 17. f3 Ne7 18. Qe2 Ng6 19. Rf2 Qe7 20. Rbf1 c6 21. fxg4 hxg4 22.
h3 Be6 23. hxg4 fxg4 24. Rxf8+ Rxf8 25. Rxf8+ Bxf8 26. e4 Qg5 27. Nf1 Qc1 28.
Qe3 Qxe3+ 29. Nxe3 Bh6 30. Kf2 Kf7 31. Bf1 Bxe3+ 32. Kxe3 c5 33. b4 b6 34. Be2
Kf6 35. Bd1 Bd7 36. a4 Ne7 37. b5 Kg6 38. a5 Nc8 39. a6 Be6 40. Bc2 Kh5 41. Bd2
Bd7 42. Ke2 Be6 43. Kd1 Bd7 44. Bb3 Be6 45. Kc2 Bd7 46. Kb2 Ne7 47. Ka3 Ng6 48.
Kb2 Nf8 49. Kc1 1/2-1/2

[Event "18. Int. Boeblinger Open"]
[Site "Boeblingen"]
[Date "2001.12.30"]
[Round "8"]
[White "Wippermann, Till"]
[Black "Schafranietz, Sebastian"]
[Result "1/2-1/2"]
[WhiteElo "2321"]
[BlackElo "2234"]
[PlyCount "95"]
[EventDate "2001.??.??"]

1. e4 c5 2. Nc3 Nc6 3. f4 g6 4. Nf3 Bg7 5. Bb5 Nd4 6. O-O Nxb5 7. Nxb5 d6 8. a4
Nf6 9. d3 O-O 10. Qe1 a6 11. Nc3 e6 12. Qh4 Nd7 13. Qf2 f5 14. Be3 Nf6 15. h3
fxe4 16. dxe4 b6 17. Rad1 d5 18. exd5 Nxd5 19. a5 bxa5 20. Bxc5 Rxf4 21. Ne2
Rc4 22. Ng5 Qc7 23. Bd4 e5 24. Bxe5 Qxe5 25. Qf7+ Kh8 26. Rxd5 Qe3+ 27. Rf2 Bf5
28. Nxh7 Kxh7 29. Rdxf5 Rf8 30. R5f3 Rxf7 31. Rxe3 Rxf2 32. Kxf2 Rxc2 33. Kf3
Rxb2 34. Ra3 Rb5 35. Ra4 Be5 36. Nc1 Bc3 37. Nd3 Bb4 38. Ke4 Rb8 39. Kd5 Rd8+
40. Kc4 Rc8+ 41. Kd5 Rd8+ 42. Kc4 Re8 43. Nxb4 Re4+ 44. Kd3 Rxb4 45. Rxa5 Rb2
46. g4 Rb3+ 47. Ke4 Rb4+ 48. Kf3 1/2-1/2

[Event "18. Int. Boeblinger Open"]
[Site "Boeblingen"]
[Date "2001.12.30"]
[Round "8"]
[White "Becking, Stephan"]
[Black "Heinl, Thomas"]
[Result "1/2-1/2"]
[WhiteElo "2302"]
[BlackElo "2213"]
[PlyCount "98"]
[EventDate "2001.??.??"]

1. Nf3 Nf6 2. g3 g6 3. Bg2 Bg7 4. O-O O-O 5. d4 d6 6. c4 Nc6 7. Nc3 a6 8. h3
Rb8 9. a4 Nd7 10. e4 Na5 11. b3 c5 12. Be3 Nc6 13. Rc1 Qa5 14. Kh2 Re8 15. Nd5
Nf6 16. dxc5 dxc5 17. b4 Nxb4 18. Bf4 Nfxd5 19. Bxb8 Nc3 20. Qb3 Bd7 21. Be5
Nca2 22. Ra1 Qxa4 23. Qxa4 Bxa4 24. Bxg7 Kxg7 25. Rxa2 Nxa2 26. Ra1 Nc3 27. Ra3
Nxe4 28. Rxa4 Nxf2 29. Ne1 b5 30. Rxa6 bxc4 31. Rc6 Nd3 32. Nxd3 cxd3 33. Rxc5
Rd8 34. Bf3 f5 35. Kg2 Kf6 36. Kf2 e5 37. Rc6+ Kg7 38. Ke3 e4 39. Bd1 Rb8 40.
Rc1 Rb2 41. h4 Rg2 42. g4 fxg4 43. Kxe4 Kh6 44. Kxd3 Rh2 45. Bxg4 Rxh4 46. Bf3
Kg7 47. Ke3 Ra4 48. Be4 Ra3+ 49. Bd3 Kf6 1/2-1/2

[Event "18. Int. Boeblinger Open"]
[Site "Boeblingen"]
[Date "2001.12.30"]
[Round "8"]
[White "Gasthofer, Viktor"]
[Black "Peschel, Andreas"]
[Result "1-0"]
[WhiteElo "2342"]
[BlackElo "2202"]
[PlyCount "63"]
[EventDate "2001.??.??"]

1. c4 e6 2. g3 Nf6 3. Bg2 d5 4. d4 Be7 5. Nf3 O-O 6. O-O Nbd7 7. Qc2 dxc4 8.
Qxc4 c5 9. dxc5 Bxc5 10. Nc3 Qe7 11. Bf4 h6 12. Ne5 Nxe5 13. Bxe5 Nd7 14. Bd4
Bxd4 15. Qxd4 Nf6 16. Rfd1 e5 17. Qe3 Ng4 18. Nd5 Qg5 19. Qxg5 hxg5 20. Rac1
Kh7 21. Rc7 Rb8 22. Ne7 Be6 23. Bxb7 Bxa2 24. Nc6 Rbe8 25. Nxa7 Nf6 26. b4 Rd8
27. Rxd8 Rxd8 28. Nb5 Rd1+ 29. Kg2 Nd5 30. Nc3 Rc1 31. Bxd5 Rxc3 32. Be4+ 1-0

[Event "18. Int. Boeblinger Open"]
[Site "Boeblingen"]
[Date "2001.12.30"]
[Round "8"]
[White "Kalinichev, Andrey"]
[Black "Kampmann, Lutz"]
[Result "0-1"]
[WhiteElo "2245"]
[BlackElo "2199"]
[PlyCount "96"]
[EventDate "2001.??.??"]

1. d4 Nf6 2. Bg5 Ne4 3. Bf4 c5 4. f3 Qa5+ 5. c3 Nf6 6. Nd2 cxd4 7. Nb3 Qb6 8.
Qxd4 Qxd4 9. Nxd4 a6 10. e4 d6 11. Be3 Nc6 12. c4 e5 13. Nc2 Be6 14. b3 Be7 15.
Bd3 O-O 16. Ne2 Nd7 17. Nc3 Nc5 18. Be2 Rac8 19. O-O-O f5 20. exf5 Rxf5 21. Kb2
Rf7 22. Nd5 Bf8 23. h4 Bxd5 24. Rxd5 Ne6 25. g3 Re8 26. Rhd1 Nf4 27. gxf4 exf4
28. c5 dxc5 29. Rg5 fxe3 30. Bc4 b5 31. Bd5 Nd8 32. Bxf7+ Nxf7 33. Rgd5 e2 34.
Rg1 Ne5 35. Ne1 c4 36. a3 Nd3+ 37. Kc3 Nxe1 38. Rxe1 Re3+ 39. Kc2 Bxa3 40. Kd2
Rxf3 41. Rxe2 cxb3 42. Rd7 h6 43. Rg2 Bb2 44. Ra7 Bd4 45. Ra8+ Kh7 46. Ke2 Re3+
47. Kd2 b2 48. Rg1 Re2+ 0-1

[Event "18. Int. Boeblinger Open"]
[Site "Boeblingen"]
[Date "2001.12.30"]
[Round "8"]
[White "Gritsch, Christoph"]
[Black "Grabarska, Barbara"]
[Result "1-0"]
[WhiteElo "2127"]
[BlackElo "2240"]
[PlyCount "79"]
[EventDate "2001.??.??"]

1. e4 c5 2. c3 d5 3. exd5 Qxd5 4. d4 Nf6 5. Nf3 Bg4 6. Nbd2 e6 7. Qa4+ Nc6 8.
Bb5 Be7 9. c4 Qd6 10. O-O O-O 11. Bxc6 bxc6 12. dxc5 Qxc5 13. h3 Bh5 14. a3 a5
15. Nb3 Qd6 16. Nfd4 c5 17. Nc6 Ne4 18. Nxe7+ Qxe7 19. Be3 Rfc8 20. Nxa5 Rcb8
21. Qc2 Bg6 22. Nc6 Qc7 23. Nxb8 Ng3 24. Qd2 Nxf1 25. Rxf1 Rxb8 26. Rd1 h6 27.
Qc3 Qc6 28. Qe5 Rc8 29. Qd6 Qe4 30. Rc1 Qb7 31. b4 cxb4 32. axb4 Be4 33. f3 Bf5
34. b5 Ra8 35. b6 Qa6 36. c5 Bxh3 37. Qg3 Qd3 38. Bxh6 Qd4+ 39. Kh2 Bxg2 40. b7
1-0

[Event "18. Int. Boeblinger Open"]
[Site "Boeblingen"]
[Date "2001.12.30"]
[Round "8"]
[White "Haecker, Alexander"]
[Black "Schaefer, Ronald"]
[Result "1-0"]
[WhiteElo "1975"]
[BlackElo "2215"]
[PlyCount "53"]
[EventDate "2001.??.??"]

1. e4 d5 2. exd5 Qxd5 3. Nc3 Qa5 4. d4 Nf6 5. Bc4 Bg4 6. Nf3 Nc6 7. h3 Qh5 8.
Be2 O-O-O 9. O-O e5 10. Qe1 exd4 11. hxg4 Nxg4 12. Ne4 Bd6 13. Nxd6+ Rxd6 14.
Bf4 Rf6 15. Bg3 Rh6 16. Nh2 f5 17. Bxg4 fxg4 18. Qe4 Rg6 19. Qf4 Qa5 20. Nxg4
h5 21. Ne5 Nxe5 22. Qxe5 Qb6 23. Rfe1 h4 24. Bxh4 Qc6 25. Re4 Rxh4 26. Qf5+ Kd8
27. Qf8+ 1-0

[Event "18. Int. Boeblinger Open"]
[Site "Boeblingen"]
[Date "2001.12.30"]
[Round "8"]
[White "Kniest, Oliver"]
[Black "Kuehlmeyer, Klaus"]
[Result "1-0"]
[WhiteElo "2312"]
[BlackElo "1963"]
[PlyCount "61"]
[EventDate "2001.??.??"]

1. d4 Nf6 2. c4 g6 3. Nc3 Bg7 4. e4 d6 5. f4 O-O 6. Nf3 c5 7. d5 e6 8. Be2 exd5
9. cxd5 Re8 10. e5 dxe5 11. fxe5 Ng4 12. Bg5 Qb6 13. O-O Nxe5 14. Nxe5 Bxe5 15.
Bc4 Qxb2 16. d6 Bf5 17. Rxf5 Qxc3 18. Bxf7+ Kg7 19. Bxe8 gxf5 20. Rb1 Qd4+ 21.
Qxd4 Bxd4+ 22. Kf1 b6 23. Bb5 a6 24. d7 Nxd7 25. Bxd7 c4 26. Bxf5 h6 27. Bh4
Re8 28. Rd1 Bc5 29. Rd7+ Kg8 30. Bf6 Re3 31. Bg6 1-0

[Event "18. Int. Boeblinger Open"]
[Site "Boeblingen"]
[Date "2001.12.30"]
[Round "8"]
[White "Schmied, Andreas"]
[Black "Sadiku, Bedri"]
[Result "1-0"]
[WhiteElo "2142"]
[BlackElo "2310"]
[PlyCount "63"]
[EventDate "2001.??.??"]

1. d4 g6 2. c4 Bg7 3. Nc3 d6 4. e4 Nc6 5. d5 Nd4 6. Be3 e5 7. Nge2 Nxe2 8. Bxe2
f5 9. f3 Nf6 10. b4 O-O 11. O-O Bd7 12. Qd2 f4 13. Bf2 g5 14. g4 h5 15. h3 a6
16. c5 Qe7 17. a4 Kh7 18. a5 Qf7 19. cxd6 cxd6 20. Na4 hxg4 21. hxg4 Nxg4 22.
fxg4 f3 23. Bg3 Bxa4 24. Rxf3 Qd7 25. Qxg5 Rxf3 26. Bxf3 Rf8 27. Kg2 Kg8 28.
Rh1 Bc2 29. Qg6 Rf7 30. g5 Qc8 31. Qh7+ Kf8 32. Qh8+ 1-0

[Event "18. Int. Boeblinger Open"]
[Site "Boeblingen"]
[Date "2001.12.30"]
[Round "8"]
[White "Staerke, Karsten"]
[Black "Schaaf, Rene"]
[Result "0-1"]
[WhiteElo "2063"]
[BlackElo "2176"]
[PlyCount "42"]
[EventDate "2001.??.??"]

1. e4 e6 2. d4 d5 3. Nc3 Bb4 4. e5 c5 5. a3 Bxc3+ 6. bxc3 Ne7 7. Qg4 Qc7 8.
Qxg7 Rg8 9. Qxh7 cxd4 10. Ne2 Nbc6 11. cxd4 Nxd4 12. Nxd4 Qc3+ 13. Ke2 Qxa1 14.
Be3 Bd7 15. Qd3 a6 16. f4 Rc8 17. Kd2 Ba4 18. Rg1 Qb2 19. Be2 Nf5 20. Bd1 Nxe3
21. Qxe3 Rc4 0-1

[Event "18. Int. Boeblinger Open"]
[Site "Boeblingen"]
[Date "2001.12.30"]
[Round "8"]
[White "Kloepfer, Markus"]
[Black "Gheng, Simona"]
[Result "1-0"]
[WhiteElo "2172"]
[BlackElo "2034"]
[PlyCount "27"]
[EventDate "2001.??.??"]

1. d4 d5 2. c4 e6 3. Nc3 Nf6 4. Bg5 c5 5. e3 cxd4 6. exd4 dxc4 7. Bxc4 Be7 8.
Nf3 h6 9. Bh4 O-O 10. O-O a6 11. Qe2 b5 12. Bb3 Bb7 13. Rad1 Nd5 14. Bxd5 1-0

[Event "18. Int. Boeblinger Open"]
[Site "Boeblingen"]
[Date "2001.12.30"]
[Round "9"]
[White "Buhmann, Rainer"]
[Black "Jaracz, Pawel"]
[Result "1-0"]
[WhiteElo "2505"]
[BlackElo "2525"]
[PlyCount "79"]
[EventDate "2001.??.??"]

1. Nf3 g6 2. d4 Bg7 3. c4 Nf6 4. Nc3 d5 5. cxd5 Nxd5 6. e4 Nxc3 7. bxc3 c5 8.
h3 O-O 9. Be2 b6 10. Be3 Bb7 11. Qd3 cxd4 12. cxd4 Ba6 13. Qd2 Bb7 14. Qd3 Ba6
15. Qc2 Qd7 16. O-O Rc8 17. Qd1 e6 18. Re1 Bb7 19. Qb1 Nc6 20. Rd1 Na5 21. a4
Qd6 22. Ra2 Nc4 23. Bg5 f5 24. exf5 exf5 25. d5 Rc5 26. Qb4 a5 27. Qb3 Rac8 28.
Rc2 Ba6 29. g3 b5 30. Bf4 Qd7 31. axb5 Bxb5 32. Qa2 Ba4 33. Rxc4 Rxc4 34. Bxc4
Bxd1 35. d6+ Kh8 36. Ne5 Qb7 37. d7 h6 38. dxc8=Q+ Qxc8 39. Nxg6+ Kh7 40. Ne5
1-0

[Event "18. Int. Boeblinger Open"]
[Site "Boeblingen"]
[Date "2001.12.30"]
[Round "9"]
[White "Haub, Thorsten-Michael"]
[Black "Schenk, Andreas"]
[Result "0-1"]
[WhiteElo "2376"]
[BlackElo "2443"]
[PlyCount "86"]
[EventDate "2001.??.??"]

1. Nf3 c5 2. g3 Nc6 3. Bg2 e5 4. d3 g6 5. O-O Bg7 6. e4 Nge7 7. c3 O-O 8. Na3
h6 9. Nc2 d5 10. b4 c4 11. dxc4 dxe4 12. Nd2 f5 13. b5 Na5 14. Ba3 Qc7 15. c5
Be6 16. Bb4 Nc4 17. Nxc4 Bxc4 18. b6 Qc6 19. Re1 Rfd8 20. Qb1 axb6 21. cxb6 Nd5
22. Na3 Bd3 23. Qb3 Kh7 24. Rad1 Nxb4 25. cxb4 Qxb6 26. g4 Qa6 27. gxf5 gxf5
28. Nc2 Qxa2 29. Qxa2 Rxa2 30. Ne3 Bf8 31. Nxf5 Bxb4 32. Ra1 Rxa1 33. Rxa1 Bc5
34. Ra5 b6 35. Ra7+ Kg6 36. Bh3 Be2 37. Ne3 Kf6 38. Rc7 Rg8+ 39. Ng2 Ra8 40.
Rc6+ Kg5 41. Ne3 Ra1+ 42. Kg2 Bf3+ 43. Kg3 Rg1+ 0-1

[Event "18. Int. Boeblinger Open"]
[Site "Boeblingen"]
[Date "2001.12.30"]
[Round "9"]
[White "Farago, Ivan"]
[Black "Joachim, Sven"]
[Result "1/2-1/2"]
[WhiteElo "2527"]
[BlackElo "2442"]
[PlyCount "57"]
[EventDate "2001.??.??"]

1. d4 d6 2. Nf3 Nf6 3. c4 g6 4. Nc3 Bg7 5. e4 O-O 6. Be2 e5 7. O-O Nc6 8. d5
Ne7 9. b4 a5 10. Ba3 b6 11. bxa5 Rxa5 12. Bb4 Ra8 13. a4 Re8 14. Re1 Bf8 15. h3
Bb7 16. Bf1 c5 17. dxc6 Nxc6 18. Ba3 Nd4 19. Nd5 Bg7 20. Nxd4 exd4 21. Bd3 Bc6
22. Bb4 Re6 23. Ra3 Nd7 24. Qc2 Nc5 25. Rea1 Re8 26. a5 Bxd5 27. cxd5 Nxd3 28.
Qxd3 bxa5 29. Rxa5 1/2-1/2

[Event "18. Int. Boeblinger Open"]
[Site "Boeblingen"]
[Date "2001.12.30"]
[Round "9"]
[White "Heinl, Thomas"]
[Black "Kalinitschew, Sergej"]
[Result "1/2-1/2"]
[WhiteElo "2213"]
[BlackElo "2487"]
[PlyCount "85"]
[EventDate "2001.??.??"]

1. e4 c6 2. d4 d5 3. exd5 cxd5 4. Bd3 Nc6 5. c3 Qc7 6. Nf3 Bg4 7. Nbd2 e6 8.
Qa4 Bd6 9. b4 Nge7 10. b5 Qa5 11. Qc2 Nd8 12. O-O Rc8 13. Bb2 Bf5 14. a4 O-O
15. Rfc1 Qc7 16. Bxf5 Nxf5 17. Qb3 Bf4 18. g3 Bh6 19. c4 dxc4 20. Rxc4 Qb8 21.
d5 exd5 22. Rxc8 Qxc8 23. Qxd5 Qe6 24. Qc5 b6 25. Qc3 Qd7 26. Nc4 Ne6 27. Nce5
Qd5 28. Nc6 Qe4 29. Qe5 Qxf3 30. Qxf5 Qb3 31. Qb1 Re8 32. Ra3 Qd5 33. Rd3 Qe4
34. Qd1 Bg5 35. h4 Bh6 36. Ba3 g6 37. Ne7+ Kh8 38. Nd5 Bg7 39. Be7 Nd4 40. Bf6
Qxd5 41. Rxd4 Qe6 42. Bxg7+ Kxg7 43. Rd7 1/2-1/2

[Event "18. Int. Boeblinger Open"]
[Site "Boeblingen"]
[Date "2001.12.30"]
[Round "9"]
[White "Kampmann, Lutz"]
[Black "Gasthofer, Viktor"]
[Result "1-0"]
[WhiteElo "2199"]
[BlackElo "2342"]
[PlyCount "65"]
[EventDate "2001.??.??"]

1. d4 e6 2. c4 d5 3. Nc3 Nf6 4. cxd5 Nxd5 5. e4 Nxc3 6. bxc3 c5 7. Nf3 cxd4 8.
cxd4 Bb4+ 9. Bd2 Bxd2+ 10. Qxd2 O-O 11. Bb5 b6 12. Ne5 Bb7 13. Qe3 Qd6 14. O-O
Nc6 15. Bxc6 Bxc6 16. Rfc1 Bb7 17. Nc4 Qd7 18. e5 Bd5 19. Nd6 b5 20. Rc3 b4 21.
Rc5 Qa4 22. Qd2 Rab8 23. f3 h6 24. Rcc1 a5 25. Qb2 Qd7 26. a3 f6 27. Rc5 fxe5
28. dxe5 Qe7 29. axb4 axb4 30. Qd2 b3 31. Rb1 Qa7 32. Qd4 Rf4 33. Rc8+ 1-0

[Event "18. Int. Boeblinger Open"]
[Site "Boeblingen"]
[Date "2001.12.30"]
[Round "9"]
[White "Tabatt, Hendrik"]
[Black "Wippermann, Till"]
[Result "0-1"]
[WhiteElo "2111"]
[BlackElo "2321"]
[PlyCount "34"]
[EventDate "2001.??.??"]

1. d4 g6 2. g3 Bg7 3. Bg2 c5 4. d5 d6 5. Nf3 b5 6. a4 b4 7. O-O Nf6 8. Re1 O-O
9. e4 Nbd7 10. Nbd2 Qc7 11. e5 dxe5 12. Nc4 Bb7 13. Nfxe5 Nxe5 14. Nxe5 Nxd5
15. Bxd5 Rad8 16. Qe2 Rxd5 17. f3 c4 0-1

[Event "18. Int. Boeblinger Open"]
[Site "Boeblingen"]
[Date "2001.12.30"]
[Round "9"]
[White "Kabisch, Thilo"]
[Black "Hoeschele, Hans-Ulrich"]
[Result "1-0"]
[WhiteElo "2290"]
[BlackElo "2176"]
[PlyCount "40"]
[EventDate "2001.??.??"]

1. e4 d6 2. c4 e5 3. Nf3 Be7 4. d4 Nd7 5. Nc3 Ngf6 6. g3 c6 7. Bg2 Qc7 8. O-O
h6 9. b3 Nf8 10. h3 g5 11. c5 Ng6 12. Bb2 Be6 13. cxd6 Bxd6 14. Rc1 Qd7 15.
dxe5 Bxe5 16. Nxe5 Nxe5 17. Nd5 cxd5 18. Bxe5 Qe7 19. Qd4 Nxe4 20. Bxh8 f5 1-0

[Event "18. Int. Boeblinger Open"]
[Site "Boeblingen"]
[Date "2001.12.30"]
[Round "9"]
[White "Feger, Andreas"]
[Black "Schneider, Heiko"]
[Result "0-1"]
[WhiteElo "2044"]
[BlackElo "2229"]
[PlyCount "46"]
[EventDate "2001.??.??"]

1. d4 Nf6 2. c4 g6 3. Nc3 d5 4. Nf3 Bg7 5. Bf4 O-O 6. e3 c5 7. dxc5 Qa5 8. Rc1
Ne4 9. Be2 Nxc3 10. Qd2 Qxa2 11. bxc3 Qxd2+ 12. Nxd2 dxc4 13. Bxc4 Nd7 14. Nb3
a5 15. Bg5 Bf6 16. Bxf6 Nxf6 17. f3 a4 18. Nd4 Bd7 19. Rb1 Rfc8 20. Bb5 e5 21.
Ne2 a3 22. Bc4 Rxc5 23. Ba2 Bb5 0-1

[Event "18. Int. Boeblinger Open"]
[Site "Boeblingen"]
[Date "2001.12.30"]
[Round "9"]
[White "Wohlfart, Paulus"]
[Black "Telioridis, Vasilios"]
[Result "1-0"]
[WhiteElo "2210"]
[BlackElo "2034"]
[PlyCount "35"]
[EventDate "2001.??.??"]

1. e4 c5 2. Nf3 Nc6 3. Nc3 g6 4. d4 cxd4 5. Nxd4 Bg7 6. Be3 Nf6 7. Bc4 Qa5 8.
O-O Qb4 9. Bb3 Nxd4 10. Bxd4 O-O 11. e5 Ne8 12. Nd5 Qa5 13. Nxe7+ Kh8 14. Bc3
Qd8 15. Bb4 d6 16. Nxc8 Rxc8 17. exd6 Qd7 18. Re1 1-0

[Event "18. Int. Boeblinger Open"]
[Site "Boeblingen"]
[Date "2001.12.30"]
[Round "9"]
[White "Hoffmann, Hans"]
[Black "Gerhardt, Peter-Michael"]
[Result "1-0"]
[WhiteElo "2236"]
[BlackElo "2122"]
[PlyCount "39"]
[EventDate "2001.??.??"]

1. b3 Nf6 2. Bb2 g6 3. f4 Bg7 4. Nf3 O-O 5. e3 b6 6. c4 c5 7. g3 Bb7 8. Bg2 d5
9. O-O e6 10. Qe2 Nc6 11. d3 Qe7 12. Nbd2 Rfd8 13. Rad1 a5 14. Ne5 a4 15. Ndf3
axb3 16. axb3 Ra2 17. Nxc6 Bxc6 18. Bxf6 Rxe2 19. Bxe7 Re8 20. Bd6 1-0